00826cam a2200253 i 45000010009000000050017000090080041000260100017000670200018000840200018001020200018001200420008001380820015001461000028001612450082001892600032002712640079003033000023003823360026004053370028004313380027004595040067004866500019005532348160020250327144635.0231228s2024 enk b 001 0 eng  a 2023952681 a9781035322336 a9781035322350 z9781035322343 apcc a330.09 BER1 a Berg, Van den Hendrik,12aA Pluralistic Introduction To Macroeconomics :bMethodology Theory And Policy aUKbEdward Elgar Pub.c2024 1aCheltenham, UK ;aNorthampton, MA, USA :bEdward Elgar Publishing,c[2024] a499 pages ;c26 cm atextbtxt2rdacontent aunmediatedbn2rdamedia avolumebnc2rdacarrier aIncludes bibliographical references (pages 471-482) and index. 0aMacroeconomics